Don't let profitability go down the drain (Record no. 84149)
[ view plain ]
| 000 -LEADER | |
|---|---|
| fixed length control field | 00791cab a22002055a 4500 |
| 001 - CONTROL NUMBER | |
| control field | L156771 |
| 008 - FIXED-LENGTH DATA ELEMENTS--GENERAL INFORMATION | |
| fixed length control field | 120712e20120707xxk 000 0 eng d |
| 035 ## - SYSTEM CONTROL NUMBER | |
| System control number | (Sirsi) u156771 |
| 041 0# - LANGUAGE CODE | |
| Language code of text/sound track or separate title | eng |
| 100 1# - MAIN ENTRY--PERSONAL NAME | |
| Personal name | Adams, John |
| 245 00 - TITLE STATEMENT | |
| Title | Don't let profitability go down the drain |
| 260 ## - PUBLICATION, DISTRIBUTION, ETC. | |
| Date of publication, distribution, etc. | 2012 |
| 490 ## - SERIES STATEMENT | |
| Series statement | Estates Gazette |
| Volume/sequential designation | (1227) 7 July 2012, 80-82(3) |
| 520 ## - SUMMARY, ETC. | |
| Summary, etc. | Looks at the implications of the Flood and Water Management Act 2010 which stipulates that future developments must have sustainable drainage systems (SuDS). Looks at the nature and costs of SuDS and the schemes that are likely to be affected or excluded from their construction. |
| 590 ## - LOCAL NOTE (RLIN) | |
| Local note | KA |
| 651 #4 - SUBJECT ADDED ENTRY--GEOGRAPHIC NAME | |
| Geographic name | England and Wales |
| Chronological subdivision | 1543- |
| 690 ## - LOCAL SUBJECT ADDED ENTRY--TOPICAL TERM (OCLC, RLIN) | |
| Topical term or geographic name as entry element | Hydrography |
| 9 (RLIN) | 6245 |
| 690 ## - LOCAL SUBJECT ADDED ENTRY--TOPICAL TERM (OCLC, RLIN) | |
| Topical term or geographic name as entry element | Environment |
| 9 (RLIN) | 6238 |
| 942 ## - ADDED ENTRY ELEMENTS (KOHA) | |
| Suppress in OPAC | 0 |
| Withdrawn status | Lost status | Source of classification or shelving scheme | Damaged status | Not for loan | Home library | Current library | Shelving location | Date acquired | Total Checkouts | Full call number | Barcode | Date last seen | Copy number | Price effective from | Koha item type |
|---|---|---|---|---|---|---|---|---|---|---|---|---|---|---|---|
| Dewey Decimal Classification | London | London | Journal article | 12/07/2012 | L156771 | 156771-1001 | 06/08/2019 | 1 | 06/08/2019 | Journal article |